000 00427 a2200169 4500
001 189897
020 _a85-16-01177-1
040 _cMagnum
100 _aOliveira, Aurelio de
240 1 0 _aO gatinho Nicolau, chapeuzinho vermelho e o lobo
_lpor
245 1 0 _aO gatinho Nicolau, chapeuzinho vermelho e o lobo
300 _a30
362 0 _a1995
440 1 _aModerna
697 _aLITERATURA INFANTO-JUVENIL
942 _cBK
999 _c189897
_d189897